Normal view
MARC view
Entry Término temático
001 - NÚMERO DE CONTROL
- campo de control: 43920
003 - IDENTIFICADOR DEL NÚMERO DE CONTROL
- campo de control: OSt
005 - FECHA Y HORA DE LA ÚLTIMA TRANSACCIÓN
- campo de control: 20191003122037.0
008 - DATOS DE LONGITUD FIJA
- campo de control de longitud fija: 191003|| aca||aabn | a|a d
040 ## - FUENTE DE LA CATALOGACIÓN
- Centro catalogador/agencia de origen: OSt
- Centro/agencia transcriptor: OSt
150 ## - ENCABEZAMIENTO--TÉRMINO DE MATERIA
- Término de materia o nombre geográfico como elemento de entrada: Ley N 575
670 ## - FUENTE DE DATOS ENCONTRADOS
- Cita de la fuente: Work cat.: (OSt): Municipalidad del Qosqo 6414, /Documentación sustentatoria del gasto efectuado por la municipalidad del Qosqo con los ingresos producidos por el decreto legislativo N°, 1993.